Statistics for FTSE 100 Listed Companies Quiz

Click here to take the quiz!

General Stats

  • This quiz has been taken 438 times
    (95 since last reset)
  • The average score is 11 of 97

Answer Stats

SectorCompanies% Correct
Oil and GasBP
80%
Tesco
70%
BankingBarclays
65%
BankingHSBC
65%
J Sainsbury
58%
TelecommsBT Group
48%
Morrison Supermarkets
37%
MediaBritish Sky Broadcasting Group
35%
InsuranceAviva
34%
Royal Bank of Scotland Group
34%
Unilever
33%
PharmaceuticalsGlaxoSmithKline
31%
Marks & Spencer Group
31%
ITV
29%
MilitaryBAE Systems
27%
TobaccoBritish American Tobacco
24%
Royal Dutch Shell
24%
Rolls-Royce Group
20%
Vodafone
20%
PharmaceuticalsAstraZeneca
19%
FashionBurberry Group
17%
Next
17%
InsuranceAdmiral Group
16%
ConsumerCoca-Cola HBC AG
16%
Prudential
14%
MiningGlencore International
12%
Rio Tinto Group
12%
Standard Life
12%
SecurityG4S
10%
MiningAnglo American
8%
Air TransportInternational Consolidated Airlines Group SA
8%
SSE
8%
TobaccoImperial Tobacco Group
7%
Whitbread
7%
Oil and GasBG Group
6%
PropertyBritish Land Company
6%
Support ServicesCapita
6%
EnergyCentrica
6%
BeveragesDiageo
6%
FinanceHargreaves Lansdown
6%
Standard Chartered Bank
6%
TUI Travel
6%
Fund ManagementAberdeen Asset Management
5%
HotelsInterContinental Hotels Group
5%
Schroders
5%
Kingfisher
4%
National Grid
4%
Smiths Group
4%
Generator hireAggreko
2%
MiningAntofagasta
2%
EngineeringARM Holdings
2%
FoodAssociated British Foods
2%
MiningBHP Billiton
2%
LeisureCarnival
2%
FoodCompass Group
2%
InformationExperian
2%
Lloyds Banking Group
2%
Old Mutual
2%
United Utilities
2%
Wood Group
2%
Industrial productsBunzl
1%
Building MaterialsCRH
1%
ChemicalsCroda International
1%
MiningEvraz
1%
ManufactingGKN
1%
PropertyHammerson
1%
EngineeringIMI
1%
Land Securities Group
1%
Legal & General
1%
Pearson
1%
Reckitt Benckiser
1%
RSA Insurance Group
1%
Severn Trent
1%
WPP
1%
ConsultingAMEC
0%
ConsultingBabcock International
0%
MiningEurasian Natural Resources
0%
MiningFresnillo
0%
InvestmentFriends Life Group
0%
Intertek Group
0%
Johnson Matthey
0%
Meggitt
0%
Petrofac
0%
Randgold Resources
0%
Reed Elsevier
0%
Rexam
0%
SABMiller
0%
Sage Group
0%
Serco Group
0%
Shire
0%
Smith & Nephew
0%
Tate & Lyle
0%
Tullow Oil
0%
Vedanta Resources
0%
Weir Group
0%
Wolseley
0%
Xstrata
0%

Score Distribution

Percentile by Number Answered

Percent of People with Each Score

Your Score History

You have not taken this quiz since the last reset